| 000 | 00548nam a22002057a 4500 | ||
|---|---|---|---|
| 005 | 20250305083720.0 | ||
| 008 | 250305b |||||||| |||| 00| 0 eng d | ||
| 020 | _a9789358704815 | ||
| 040 |
_aIN-DiNC _cIN-DiNC |
||
| 041 | _deng | ||
| 082 |
_a330.954 _bDAT |
||
| 100 |
_aDATT, GAURAV _eauthor |
||
| 245 |
_aIndian economy/ _cby Gaurav Datt and Biswajit Nag |
||
| 250 | _a1st ed. | ||
| 260 |
_aNoida: _bS. Chand, _c1965. |
||
| 300 | _a740p. | ||
| 650 | _aInidia as a developing economy | ||
| 700 |
_aBiswajit Nag _eauthor |
||
| 942 |
_2ddc _cBK |
||
| 999 |
_c12147 _d12147 |
||